[Event "Bayern-chI Bank Hofmann 26th"]
[Site "Tegernsee"]
[Date "2023.10.30"]
[Round "3"]
[White "Bracker, Arne"]
[Black "Colpe, Malte"]
[Result "1/2-1/2"]
[WhiteElo "2279"]
[BlackElo "2386"]
[PlyCount "74"]
[EventDate "2023.10.28"]
[EventType "swiss"]
[EventRounds "9"]
[EventCountry "GER"]
[SourceTitle "Mega2024 Update 01"]
[Source "Chessbase"]
[SourceDate "2023.11.12"]
[SourceVersion "1"]
[SourceVersionDate "2023.11.12"]
[SourceQuality "1"]

1. e4 e6 2. d4 d5 3. Nc3 Bb4 4. e5 c5 5. a3 Ba5 6. b4 cxd4 7. Nb5 Bc7 8. f4 Bd7 9. Nf3 Bxb5 10. Bxb5+ Nc6 11. 0-0 Nge7 12. Bd3 Bb6 13. Kh1 a6 14. Bb2 Qd7 15. Qe1 Nf5 16. Bxf5 exf5 17. Rd1 Rc8 18. Nxd4 Bxd4 19. Bxd4 Nxd4 20. Rxd4 Rxc2 21. Qd1 Qc6 22. Rxd5 0-0 23. h3 Rxg2 24. Rd6 Qe4 25. Rd4 Qe2 26. Qxe2 Rxe2 27. Rfd1 g6 28. R1d2 Re1+ 29. Kg2 Ra1 30. Rd7 Rxa3 31. Rxb7 Rc8 32. h4 Rcc3 33. e6 Rg3+ 34. Kh2 Rh3+ 35. Kg2 Rag3+ 36. Kf2 Rf3+ 37. Kg2 Rhg3+ 1/2-1/2

[Event "GER-ch 94th"]
[Site "Ostfildern"]
[Date "2023.08.19"]
[Round "8"]
[White "Weishaeutel, Moritz"]
[Black "Bracker, Arne"]
[Result "0-1"]
[WhiteElo "2427"]
[BlackElo "2267"]
[PlyCount "108"]
[EventDate "2023.08.14"]
[EventType "swiss"]
[EventRounds "9"]
[EventCountry "GER"]
[SourceTitle "CBM 215 Extra"]
[Source "ChessBase"]
[SourceDate "2023.09.30"]
[SourceVersion "1"]
[SourceVersionDate "2023.09.30"]
[SourceQuality "1"]

1. e4 e5 2. Nf3 Nc6 3. Bc4 Nf6 4. Ng5 d5 5. exd5 Na5 6. Bb5+ c6 7. dxc6 bxc6 8. Bd3 Nd5 9. Nf3 Bd6 10. 0-0 0-0 11. Re1 f5 12. Nxe5 Qf6 13. Nf3 g5 14. c4 Nf4 15. Bf1 g4 16. d4 gxf3 17. Qxf3 Ne6 18. Qc3 Nb7 19. c5 Bc7 20. b4 a5 21. b5 cxb5 22. Bxb5 a4 23. Bc4 Na5 24. Bd5 Rb8 25. Qd3 Bd7 26. c6 Nxc6 27. Qc4 Rbe8 28. Bxc6 Bxc6 29. Qxc6 Nxd4 30. Qc4+ Qf7 31. Qxf7+ Kxf7 32. Be3 f4 33. Na3 Ba5 34. Nc4 Bxe1 35. Bxd4 Bb4 36. Kf1 Re4 37. Rb1 Rfe8 38. Ne5+ Kg8 39. Nf3 Ba5 40. Ba7 Rb4 41. Rc1 Bb6 42. a3 Rb2 43. Bxb6 Rxb6 44. Nd4 Rb2 45. g3 f3 46. Nxf3 Ree2 47. Rc8+ Kg7 48. Rc7+ Kf6 49. Rc6+ Ke7 50. Rc7+ Ke8 51. Rc3 Rxf2+ 52. Kg1 Rg2+ 53. Kf1 Rgc2 54. Re3+ Kd8 0-1

[Event "GER-ch 94th"]
[Site "Ostfildern"]
[Date "2023.08.18"]
[Round "6"]
[White "Bracker, Arne"]
[Black "Wong, Gengchun"]
[Result "1/2-1/2"]
[WhiteElo "2267"]
[BlackElo "2257"]
[PlyCount "81"]
[EventDate "2023.08.14"]
[EventType "swiss"]
[EventRounds "9"]
[EventCountry "GER"]
[SourceTitle "CBM 215 Extra"]
[Source "ChessBase"]
[SourceDate "2023.09.30"]
[SourceVersion "1"]
[SourceVersionDate "2023.09.30"]
[SourceQuality "1"]

1. e4 c5 2. Nf3 d6 3. Bb5+ Nc6 4. 0-0 Bd7 5. Re1 Nf6 6. c3 a6 7. Bf1 Bg4 8. d4 cxd4 9. cxd4 Bxf3 10. gxf3 d5 11. e5 Nh5 12. e6 f5 13. f4 g6 14. Nc3 Bg7 15. Bg2 Nf6 16. Qb3 Na5 17. Qb4 0-0 18. Be3 Rc8 19. Rac1 Rc4 20. Qa3 b5 21. Nb1 Ra4 22. Qc5 Rxa2 23. Nc3 Nb3 24. Qb4 Nxc1 25. Rxc1 Ra5 26. Nxd5 Nxd5 27. Bxd5 Qxd5 28. Qxa5 Qxe6 29. Qc7 Bf6 30. Rc6 Qa2 31. Qb7 Qxb2 32. Rxa6 Qb1+ 33. Kg2 Qe4+ 34. Qxe4 fxe4 35. Rb6 Rd8 36. Rxb5 Bxd4 37. Rb4 e5 38. fxe5 Bxe5 39. Rxe4 Bf6 40. Rc4 Rd7 41. h3 1/2-1/2

[Event "GER-ch 94th"]
[Site "Ostfildern"]
[Date "2023.08.17"]
[Round "5"]
[White "Krassowizkij, Jaroslaw"]
[Black "Bracker, Arne"]
[Result "1/2-1/2"]
[WhiteElo "2445"]
[BlackElo "2267"]
[PlyCount "107"]
[EventDate "2023.08.14"]
[EventType "swiss"]
[EventRounds "9"]
[EventCountry "GER"]
[SourceTitle "CBM 215 Extra"]
[Source "ChessBase"]
[SourceDate "2023.09.30"]
[SourceVersion "1"]
[SourceVersionDate "2023.09.30"]
[SourceQuality "1"]

1. e4 e5 2. Nf3 Nc6 3. Bb5 a6 4. Ba4 Nf6 5. 0-0 b5 6. Bb3 Bc5 7. a4 Rb8 8. c3 d6 9. d4 Bb6 10. a5 Ba7 11. h3 0-0 12. Be3 Ra8 13. Nbd2 h6 14. Qe2 exd4 15. cxd4 Re8 16. Rfd1 Nb4 17. Rac1 Qe7 18. d5 Bc5 19. Bxc5 dxc5 20. Qe3 c4 21. Nxc4 bxc4 22. Rxc4 Rb8 23. Ba4 Bd7 24. Qa3 c5 25. dxc6 Be6 26. Rcd4 Rec8 27. Rc1 Rc7 28. Ne5 Na2 29. Qxe7 Rxe7 30. c7 Rc8 31. Rd8+ Kh7 32. Nd7 Nxd7 33. Rxc8 Ne5 34. Rd8 Nxc1 35. Bd7 Rxd7 36. c8Q Rd1+ 37. Rxd1 Ne2+ 38. Kf1 Ng3+ 39. fxg3 Bxc8 40. Ke2 Bd7 41. b4 Bb5+ 42. Kd2 Kg6 43. Kc3 Kf6 44. Rd5 Nc6 45. g4 Ke6 46. g5 h5 47. Rf5 Ne7 48. Rf3 Nc6 49. h4 Ne5 50. Rf5 Nc6 51. g3 Ne7 52. Rf2 Nc6 53. Rf5 Ne7 54. Rf2 1/2-1/2

[Event "Hamburg Easter op"]
[Site "Hamburg"]
[Date "2023.04.10"]
[Round "7"]
[White "Bracker, Arne"]
[Black "Reddmann, Hauke"]
[Result "1/2-1/2"]
[WhiteElo "2254"]
[BlackElo "2196"]
[PlyCount "56"]
[EventDate "2023.04.07"]
[EventType "swiss"]
[EventRounds "7"]
[EventCountry "GER"]
[SourceTitle "EXT 2024"]
[Source "ChessBase"]
[SourceDate "2023.10.10"]
[SourceVersion "1"]
[SourceVersionDate "2023.10.10"]
[SourceQuality "1"]

1. e4 c5 2. Nf3 d6 3. d4 cxd4 4. Nxd4 Nf6 5. Nc3 a6 6. Be3 Ng4 7. Bg5 h6 8. Bh4 g5 9. Bg3 Bg7 10. h3 Ne5 11. Nf5 Bxf5 12. exf5 Nbc6 13. Nd5 e6 14. Ne3 d5 15. fxe6 fxe6 16. Qh5+ Nf7 17. 0-0-0 Ne7 18. Bd3 Qa5 19. Rhe1 Rc8 20. a3 Rc6 21. c3 0-0 22. Qg4 Rfc8 23. Qb4 Qxb4 24. axb4 d4 25. Nc2 dxc3 26. b3 Nf5 27. Rxe6 Nxg3 28. Rxc6 Rxc6 1/2-1/2

[Event "Hamburg Easter op"]
[Site "Hamburg"]
[Date "2023.04.07"]
[Round "1"]
[White "Dawidzinski, Jan"]
[Black "Bracker, Arne"]
[Result "0-1"]
[WhiteElo "1618"]
[BlackElo "2254"]
[PlyCount "68"]
[EventDate "2023.04.07"]
[EventType "swiss"]
[EventRounds "7"]
[EventCountry "GER"]
[SourceTitle "EXT 2024"]
[Source "ChessBase"]
[SourceDate "2023.10.10"]
[SourceVersion "1"]
[SourceVersionDate "2023.10.10"]
[SourceQuality "1"]

1. d4 Nf6 2. c4 g6 3. Nc3 d6 4. e4 Bg7 5. Be2 0-0 6. Bg5 h6 7. Be3 Nbd7 8. Qd2 c5 9. d5 Kh7 10. h4 b5 11. cxb5 a6 12. h5 g5 13. Nh3 g4 14. Ng5+ Kg8 15. Ne6 fxe6 16. Bxh6 Ne5 17. Bxg7 Kxg7 18. f4 Nf7 19. e5 Nxd5 20. Nxd5 exd5 21. Qd3 Qa5+ 22. Kd1 Qa4+ 23. b3 Qe4 24. Qg3 Qd4+ 25. Kc2 Bf5+ 26. Bd3 Bxd3+ 27. Qxd3 Qxd3+ 28. Kxd3 axb5 29. h6+ Nxh6 30. e6 Rxf4 31. Rh5 Rf5 32. Rh4 b4 33. Rah1 Rf6 34. Rh5 Rxa2 0-1

[Event "BL2-Nord 2223"]
[Site "Germany"]
[Date "2022.10.23"]
[Round "2.5"]
[White "Michna, Christian"]
[Black "Bracker, Arne"]
[Result "0-1"]
[WhiteElo "2203"]
[BlackElo "2294"]
[PlyCount "48"]
[EventDate "2022.10.22"]
[EventType "team-tourn"]
[EventRounds "10"]
[EventCountry "GER"]
[SourceTitle "EXT 2024"]
[Source "ChessBase"]
[SourceDate "2023.10.10"]
[SourceVersion "1"]
[SourceVersionDate "2023.10.10"]
[SourceQuality "1"]
[WhiteTeam "Norderstedt"]
[BlackTeam "Hamburger SK II"]
[WhiteTeamCountry "GER"]
[BlackTeamCountry "GER"]

1. d4 Nf6 2. Nc3 d5 3. Bf4 e6 4. e3 Bb4 5. Nge2 0-0 6. h3 b6 7. a3 Bd6 8. g4 c5 9. Bg2 Bb7 10. Bxd6 Qxd6 11. f4 Nc6 12. 0-0 Rfd8 13. Ng3 Ba6 14. Rf2 cxd4 15. exd4 Rac8 16. g5 Ne4 17. Ngxe4 dxe4 18. Bxe4 Nxd4 19. Bxh7+ Kxh7 20. Qh5+ Kg8 21. Ne4 Qd5 22. f5 Qxe4 23. g6 Ne2+ 24. Rxe2 Bxe2 0-1

[Event "BL2-Nord 2223"]
[Site "Germany"]
[Date "2022.10.22"]
[Round "1.5"]
[White "Bracker, Arne"]
[Black "Kopylov, Daniel"]
[Result "1-0"]
[WhiteElo "2294"]
[BlackElo "2320"]
[PlyCount "85"]
[EventDate "2022.10.22"]
[EventType "team-tourn"]
[EventRounds "10"]
[EventCountry "GER"]
[SourceTitle "EXT 2024"]
[Source "ChessBase"]
[SourceDate "2023.10.10"]
[SourceVersion "1"]
[SourceVersionDate "2023.10.10"]
[SourceQuality "1"]
[WhiteTeam "Hamburger SK II"]
[BlackTeam "Kiel Turm II"]
[WhiteTeamCountry "GER"]
[BlackTeamCountry "GER"]

1. e4 c5 2. Nf3 Nc6 3. Bb5 d6 4. 0-0 Bd7 5. Re1 Nf6 6. c3 a6 7. Bf1 Bg4 8. d4 cxd4 9. cxd4 d5 10. exd5 Nxd5 11. Nc3 e6 12. Qb3 Bxf3 13. gxf3 Be7 14. Nxd5 Qxd5 15. Bc4 Qd7 16. d5 exd5 17. Bxd5 0-0 18. Bf4 Bf6 19. Rad1 Nd4 20. Qxb7 Rad8 21. Qxd7 Rxd7 22. Bc4 Rb7 23. Kg2 Rxb2 24. Bd6 Rc8 25. Bxa6 Rd8 26. Bc7 Ra8 27. Bc4 Ne6 28. Bg3 h5 29. h4 Rb4 30. Re4 Nc5 31. Bxf7+ Kxf7 32. Rxb4 Rxa2 33. Rd5 Rc2 34. Rb5 Ne6 35. Rxh5 Rc4 36. Rh8 Nd4 37. Rb7+ Ke6 38. Re8+ Kf5 39. Re4 Rc3 40. Rd7 Nxf3 41. Rf4+ Ke6 42. Rd6+ Kxd6 43. Rxf6+ 1-0

[Event "GER-ch 93rd"]
[Site "Magdeburg"]
[Date "2022.08.19"]
[Round "8"]
[White "Langheinrich, Ferenc"]
[Black "Bracker, Arne"]
[Result "1-0"]
[WhiteElo "2357"]
[BlackElo "2295"]
[PlyCount "75"]
[EventDate "2022.08.14"]
[EventType "swiss"]
[EventRounds "9"]
[EventCountry "GER"]
[SourceTitle "CBM 209 Extra"]
[Source "ChessBase"]
[SourceDate "2022.09.30"]
[SourceVersion "1"]
[SourceVersionDate "2022.09.30"]
[SourceQuality "1"]

1. d4 Nf6 2. c4 e6 3. Nc3 Bb4 4. Bd2 0-0 5. e3 d5 6. Nf3 b6 7. cxd5 exd5 8. Ne5 Bb7 9. Bd3 a6 10. Qf3 c5 11. Qh3 g6 12. a3 Ba5 13. Rb1 c4 14. Bc2 b5 15. 0-0 Bb6 16. f4 Nc6 17. Kh1 Qd6 18. Qh6 Rfe8 19. Nxc6 Bxc6 20. f5 Ng4 21. Qh4 Bc7 22. g3 h5 23. Ne2 Bd8 24. Qh3 Rxe3 25. Nf4 Re4 26. Bb4 Qd7 27. Bxe4 dxe4 28. d5 Bb7 29. fxg6 fxg6 30. Qg2 Ne3 31. Qxe4 Nxd5 32. Qxg6+ Kh8 33. Qh6+ Kg8 34. Qg6+ Kh8 35. Qxh5+ Kg8 36. Qg6+ Kh8 37. Ng2 Bc7 38. Rf7 1-0

[Event "GER-ch 93rd"]
[Site "Magdeburg"]
[Date "2022.08.15"]
[Round "2"]
[White "Bracker, Arne"]
[Black "Wachinger, Nikolas"]
[Result "0-1"]
[WhiteElo "2295"]
[BlackElo "2442"]
[PlyCount "84"]
[EventDate "2022.08.14"]
[EventType "swiss"]
[EventRounds "9"]
[EventCountry "GER"]
[SourceTitle "CBM 209 Extra"]
[Source "ChessBase"]
[SourceDate "2022.09.30"]
[SourceVersion "1"]
[SourceVersionDate "2022.09.30"]
[SourceQuality "1"]

1. e4 c5 2. Nf3 d6 3. d4 cxd4 4. Nxd4 Nf6 5. Nc3 a6 6. Bg5 Nbd7 7. Qe2 b5 8. 0-0-0 Bb7 9. f4 Rc8 10. Bxf6 Nxf6 11. e5 Rxc3 12. exf6 Rc5 13. fxe7 Bxe7 14. Re1 Kf8 15. h4 Bf6 16. Qe3 g6 17. Bd3 Bxh4 18. Re2 Re5 19. fxe5 Bg5 20. e6 Bxe3+ 21. Rxe3 Qg5 22. Rhe1 Bd5 23. e7+ Kg7 24. Kb1 Re8 25. b3 Qxg2 26. R3e2 Qg4 27. Nxb5 axb5 28. Bxb5 Qc8 29. Bxe8 Qxe8 30. a4 Be6 31. Rxe6 fxe6 32. Rxe6 h5 33. a5 h4 34. a6 h3 35. a7 h2 36. Re1 Kf7 37. Ka2 g5 38. Rf1+ Kg7 39. Rh1 Qa8 40. Kb2 Kf7 41. Rxh2 Kxe7 42. Rh6 Kf7 0-1

[Event "Oberliga Nord N 2122"]
[Site "Germany"]
[Date "2022.05.15"]
[Round "4.2"]
[White "Bracker, Arne"]
[Black "Schroeder, Christoph"]
[Result "1/2-1/2"]
[WhiteElo "2266"]
[BlackElo "2136"]
[PlyCount "71"]
[EventDate "2021.10.31"]
[EventType "team-tourn"]
[EventRounds "9"]
[EventCountry "GER"]
[SourceTitle "EXT 2023"]
[Source "ChessBase"]
[SourceDate "2022.10.05"]
[SourceVersion "1"]
[SourceVersionDate "2022.10.05"]
[SourceQuality "1"]
[WhiteTeam "Hamburger SK III"]
[BlackTeam "Johanneum Eppendorf"]
[WhiteTeamCountry "GER"]
[BlackTeamCountry "GER"]

1. e4 e6 2. d4 d5 3. Nc3 dxe4 4. Nxe4 Nd7 5. Nf3 Ngf6 6. Nxf6+ Nxf6 7. Be3 Bd6 8. Bd3 0-0 9. Qe2 b6 10. 0-0-0 Bb7 11. Kb1 c5 12. Bg5 h6 13. Bh4 Qc7 14. Bxf6 gxf6 15. Be4 Bxe4 16. Qxe4 cxd4 17. Nxd4 Be5 18. Rhe1 Rad8 19. Nc6 Rxd1+ 20. Rxd1 Rc8 21. Nxe5 fxe5 22. c3 Rd8 23. Re1 Qd6 24. a4 Qd3+ 25. Qxd3 Rxd3 26. Kc2 Rd5 27. Re4 f5 28. Rc4 Rd7 29. f3 Kf7 30. b4 Kf6 31. g3 h5 32. b5 Kg5 33. Rc6 Kf6 34. Rc4 Kg5 35. Rc6 Kf6 36. Rc4 1/2-1/2

[Event "Heraklion Tal Memorial 3rd"]
[Site "Heraklion"]
[Date "2022.04.29"]
[Round "5"]
[White "Bracker, Arne"]
[Black "Cmiel, Thorsten"]
[Result "1-0"]
[WhiteElo "2276"]
[BlackElo "2079"]
[PlyCount "97"]
[EventDate "2022.04.25"]
[EventType "tourn"]
[EventRounds "9"]
[EventCountry "GRE"]
[SourceTitle "CBM 208 Extra"]
[Source "ChessBase"]
[SourceDate "2022.07.31"]
[SourceVersion "1"]
[SourceVersionDate "2022.07.31"]
[SourceQuality "1"]

1. e4 c6 2. d4 d5 3. exd5 cxd5 4. Bd3 Nc6 5. c3 e6 6. f4 g6 7. Nf3 Bg7 8. 0-0 Nge7 9. Qe2 Qc7 10. Nbd2 Qxf4 11. Ne4 Qc7 12. Neg5 0-0 13. Bd2 e5 14. Nxe5 Nxe5 15. dxe5 Qxe5 16. Qf2 Nf5 17. Rae1 Qc7 18. g4 Nh6 19. h3 Bxg4 20. hxg4 Nxg4 21. Qh4 h5 22. Kg2 d4 23. c4 Ne3+ 24. Bxe3 dxe3 25. Rxe3 Rad8 26. b3 Qa5 27. Be4 Qd2+ 28. Kf3 Rd6 29. Qe1 Qh2 30. Re2 Rf6+ 31. Ke3 Rxf1 32. Qxf1 Qg3+ 33. Nf3 Rd8 34. Bd5 Bh6+ 35. Kd3 Qf4 36. Nd2 Qxf1 37. Nxf1 Rd7 38. Ng3 Kg7 39. Ne4 b6 40. Rg2 Bf4 41. Kd4 f5 42. Ng5 Bxg5 43. Rxg5 Kf6 44. Rg1 g5 45. b4 g4 46. c5 bxc5+ 47. bxc5 f4 48. c6 Rh7 49. Rc1 1-0

[Event "Oberliga Nord N 2122"]
[Site "Germany"]
[Date "2022.03.20"]
[Round "7.2"]
[White "Bracker, Arne"]
[Black "Zimmermann, Julian"]
[Result "0-1"]
[WhiteElo "2266"]
[BlackElo "2287"]
[PlyCount "55"]
[EventDate "2021.10.31"]
[EventType "team-tourn"]
[EventRounds "9"]
[EventCountry "GER"]
[SourceTitle "EXT 2023"]
[Source "ChessBase"]
[SourceDate "2022.10.05"]
[SourceVersion "1"]
[SourceVersionDate "2022.10.05"]
[SourceQuality "1"]
[WhiteTeam "Hamburger SK III"]
[BlackTeam "Hamburg Koenigsspringer"]
[WhiteTeamCountry "GER"]
[BlackTeamCountry "GER"]

1. e4 e6 2. d4 d5 3. Nd2 dxe4 4. Nxe4 Nd7 5. Nf3 Ngf6 6. Nxf6+ Nxf6 7. c3 Be7 8. Bd3 c5 9. Be3 Qc7 10. Ne5 0-0 11. Qf3 cxd4 12. Bxd4 Bc5 13. Bxc5 Qxc5 14. Qe2 Nd5 15. 0-0-0 Nf4 16. Qe4 Nxd3+ 17. Nxd3 Qc7 18. h4 f6 19. f4 Qf7 20. h5 e5 21. fxe5 Qxa2 22. h6 g6 23. exf6 Be6 24. Qd4 Bf5 25. Rhf1 Rad8 26. f7+ Qxf7 27. Qxa7 Qc4 28. Qc5 0-1

[Event "Bremen Silvester op"]
[Site "Bremen"]
[Date "2021.12.27"]
[Round "1"]
[White "Koppe, Connor"]
[Black "Bracker, Arne"]
[Result "0-1"]
[WhiteElo "1672"]
[BlackElo "2268"]
[PlyCount "58"]
[EventDate "2021.12.21"]
[EventType "swiss"]
[EventRounds "7"]
[EventCountry "GER"]
[SourceTitle "CBM 205 Extra"]
[Source "ChessBase"]
[SourceDate "2022.01.31"]
[SourceVersion "1"]
[SourceVersionDate "2022.01.31"]
[SourceQuality "1"]

1. e4 c5 2. Nf3 d6 3. d4 cxd4 4. Qxd4 Nf6 5. Nc3 a6 6. Bc4 Nc6 7. Qd1 e6 8. Bg5 Be7 9. 0-0 0-0 10. a3 b5 11. Bb3 Bb7 12. Re1 Qc7 13. Qe2 Rac8 14. Rad1 Rfe8 15. h3 Na5 16. Nd4 Nc4 17. Bxf6 gxf6 18. Rd3 Kh8 19. Qh5 Ne5 20. Rg3 Rg8 21. Ree3 Qc5 22. Nxe6 fxe6 23. Bxe6 Ng6 24. Nd5 Bxd5 25. exd5 Nf4 26. Qf7 Rxg3 27. Qxe7 Rxg2+ 28. Kh1 Rg7 29. Qxf6 Nxd5 0-1

[Event "Oberliga Nord N 1920"]
[Site "Germany"]
[Date "2021.08.14"]
[Round "8.4"]
[White "Bracker, Arne"]
[Black "Light, Bjarne"]
[Result "1/2-1/2"]
[WhiteElo "2264"]
[BlackElo "2235"]
[PlyCount "172"]
[EventDate "2019.09.29"]
[EventType "team-tourn"]
[EventRounds "9"]
[EventCountry "GER"]
[SourceTitle "EXT 2023"]
[Source "ChessBase"]
[SourceDate "2022.10.05"]
[SourceVersion "1"]
[SourceVersionDate "2022.10.05"]
[SourceQuality "1"]
[WhiteTeam "Hamburger SK III"]
[BlackTeam "Preetz"]
[WhiteTeamCountry "GER"]
[BlackTeamCountry "GER"]

1. e4 c5 2. Nf3 Nc6 3. Bb5 e5 4. 0-0 Bd6 5. c3 a6 6. Bxc6 dxc6 7. d4 exd4 8. cxd4 Bg4 9. dxc5 Bxc5 10. Qc2 Ba7 11. Nbd2 Ne7 12. b3 0-0 13. Ba3 Re8 14. Bc5 Bxc5 15. Qxc5 Ng6 16. Rfe1 Qe7 17. Qc3 Rad8 18. Re3 Nf4 19. Rae1 a5 20. g3 Ne6 21. Nc4 Bxf3 22. Rxf3 Nd4 23. Rfe3 Nb5 24. Qxa5 Ra8 25. Qd2 Red8 26. Qb2 Qb4 27. Kg2 Na3 28. Nxa3 Rxa3 29. R1e2 Rda8 30. Rd3 h6 31. Qe5 R3a5 32. Qf4 Qe7 33. a4 b5 34. axb5 Rxb5 35. e5 Re8 36. e6 fxe6 37. Rd6 e5 38. Qc4+ Qf7 39. Qxc6 Rxb3 40. Rd7 Qe6 41. Qc7 Qg4 42. Rxe5 Rxe5 43. Rd8+ Kh7 44. Qxe5 Qf3+ 45. Kh3 Rb6 46. Qd5 Qxd5 47. Rxd5 Kg6 48. g4 Rb3+ 49. Kg2 Kf6 50. h4 Ra3 51. f3 g5 52. Rd6+ Kg7 53. Rd7+ Kf6 54. h5 Ra6 55. Kg3 Ke6 56. Rh7 Kd5 57. Rf7 Ke6 58. Rf5 Ra2 59. Rf8 Ra6 60. Kf2 Ke5 61. Ke3 Ra3+ 62. Ke2 Ra2+ 63. Kd3 Ra3+ 64. Kc4 Ra4+ 65. Kc5 Rf4 66. Re8+ Kf6 67. Rg8 Ke5 68. Rg6 Rxf3 69. Rxh6 Rh3 70. Rd6 Rh1 71. Rd4 Rc1+ 72. Rc4 Rf1 73. Kb6 Rf4 74. Kc5 Rf1 75. Kb5 Rf2 76. Ra4 Rf1 77. Kc6 Rf4 78. Kb5 Rf1 79. Ra8 Rf2 80. Rg8 Rb2+ 81. Kc6 Kf4 82. Rg7 Kxg4 83. h6 Rh2 84. h7 Kf3 85. Rxg5 Rxh7 86. Rd5 Ke4 1/2-1/2

[Event "Budapest FS08 GM"]
[Site "Budapest"]
[Date "2020.08.10"]
[Round "8"]
[White "Varga, Zoltan"]
[Black "Bracker, Arne"]
[Result "1/2-1/2"]
[WhiteElo "2422"]
[BlackElo "2297"]
[PlyCount "60"]
[EventDate "2020.08.01"]
[EventType "tourn"]
[EventRounds "9"]
[EventCountry "HUN"]
[EventCategory "6"]
[SourceTitle "EXT 2021"]
[Source "ChessBase"]
[SourceDate "2020.10.23"]
[SourceVersion "1"]
[SourceVersionDate "2020.10.23"]
[SourceQuality "1"]

1. c4 c5 2. Nf3 Nc6 3. d4 cxd4 4. Nxd4 Nf6 5. Nc3 e6 6. Ndb5 d5 7. e4 Nxe4 8. cxd5 exd5 9. Qxd5 Nxc3 10. Qxd8+ Kxd8 11. Nxc3 Bb4 12. Bg5+ f6 13. 0-0-0+ Ke7 14. Nd5+ Kf7 15. Be3 Bf5 16. Bd3 Bxd3 17. Rxd3 Rac8 18. Kb1 Ba5 19. Rb3 b6 20. Rd1 Rhd8 21. Rbd3 Ne5 22. Rd4 Nc6 23. Rc4 b5 24. Rcc1 a6 25. a3 Ne7 26. Nxe7 Kxe7 27. Rxc8 Rxc8 28. g4 Bc7 29. h3 Bd6 30. a4 bxa4 1/2-1/2

[Event "Budapest FS03 GM"]
[Site "Budapest"]
[Date "2020.03.14"]
[Round "7"]
[White "Kaczur, Florian"]
[Black "Bracker, Arne"]
[Result "1-0"]
[WhiteElo "2489"]
[BlackElo "2293"]
[PlyCount "77"]
[EventDate "2020.03.07"]
[EventType "tourn"]
[EventRounds "9"]
[EventCountry "HUN"]
[SourceTitle "CBM 195 Extra"]
[Source "ChessBase"]
[SourceDate "2020.05.31"]
[SourceVersion "1"]
[SourceVersionDate "2020.05.31"]
[SourceQuality "1"]

1. e4 e5 2. Nf3 Nc6 3. Bc4 Nf6 4. d3 Bc5 5. c3 d6 6. 0-0 a6 7. a4 Ba7 8. Nbd2 0-0 9. a5 Ne7 10. Re1 Ng6 11. Nf1 c6 12. Bb3 d5 13. Be3 Bxe3 14. Rxe3 Re8 15. Ng3 Be6 16. Bc2 h6 17. d4 Bg4 18. exd5 Nxd5 19. Re4 Nf6 20. Rxg4 Nxg4 21. h3 e4 22. Nxe4 Nf6 23. Nc5 Nf4 24. Ne5 Qd5 25. Qf1 Rxe5 26. dxe5 Qxe5 27. Nd3 Nxd3 28. Qxd3 g6 29. Qc4 Kg7 30. Qb4 Rd8 31. Qxb7 Rb8 32. Qxa6 Rxb2 33. Qd3 Nd5 34. a6 Nf4 35. Qe4 Qg5 36. a7 Rxc2 37. a8Q Ne2+ 38. Kh1 Rc1+ 39. Kh2 1-0